LIBRARY & INFORMATION CENTRE, KCAET, TAVANUR

ONLINE PUBLIC ACCESS CATALOGUE (OPAC)

Introduction to Silicate industries / (Record no. 601)

MARC details
000 -LEADER
fixed length control field 00449cam a2200181ua 4500
041 ## - LANGUAGE CODE
Language code of text/sound track or separate title eng
082 ## - DEWEY DECIMAL CLASSIFICATION NUMBER
Classification number 661.88
Item number BOS/IN
100 ## - MAIN ENTRY--AUTHOR NAME
Personal name Bose, H N .
245 ## - TITLE STATEMENT
Title Introduction to Silicate industries /
250 ## - EDITION STATEMENT
Edition statement /
260 ## - PUBLICATION, DISTRIBUTION, ETC. (IMPRINT)
Place of publication Bhagalpur :
Name of publisher Ceramic Publishing House ,
Year of publication 1947.
300 ## - PHYSICAL DESCRIPTION
Number of Pages 84 ; .
942 ## - ADDED ENTRY ELEMENTS (KOHA)
Koha item type Books
Holdings
Withdrawn status Lost status Damaged status Home library Current library Date acquired Full call number Accession Number Koha item type
Withdrawn     KAUAET KAUAET 07/04/2012 661.88 9577 Books
Withdrawn     KAUAET Malayalam University 31/07/2018 661.88 BOS/IN 9575 Books
Withdrawn     KAUAET Malayalam University 27/11/2023 661.88 BOS/IN 9576 Books
free website counter